Тактика врача-оториноларинголога (Запись № 13684491)

Подробности
000 -МАРКЕР
контрольное поле 02892nam0a2200373 4500
001 - ИДЕНТИФИКАТОР ЗАПИСИ
контрольное поле RU\NLR\BIBL_A\022624641
005 - ИДЕНТИФИКАТОР ВЕРСИИ
контрольное поле 20260420053603.0
010 ## - МЕЖДУНАРОДНЫЙ СТАНДАРТНЫЙ НОМЕР КНИГИ (ISBN)
Номер (ISBN) 978-5-9704-9294-9
Тираж 3000
021 ## - НОМЕР ГОСУДАРСТВЕННОЙ РЕГИСТРАЦИИ
Код страны Российская Федерация
Номер КН-П-25-044935
Номер Листа государственной регистраци КН-П-25-4370
035 ## - ДРУГИЕ СИСТЕМНЫЕ НОМЕРА
Идентификатор записи (NLR Aleph) 022624641
100 ## - ДАННЫЕ ОБЩЕЙ ОБРАБОТКИ
Данные общей обработки 20250918d2025 u y0rusy50 ca
101 0# - ЯЗЫК РЕСУРСА
Язык текста, звукозаписи и т.д. русский
102 ## - СТРАНА ПУБЛИКАЦИИ ИЛИ ПРОИЗВОДСТВА
Страна публикации Российская Федерация
105 ## - ПОЛЕ КОДИРОВАННЫХ ДАННЫХ: ТЕКСТОВЫЕ МАТЕРИАЛЫ, МОНОГРАФИЧЕСКИЕ
Кодированные данные о монографическом текстовом документе a z 000yy
181 #0 - ПОЛЕ КОДИРОВАННЫХ ДАННЫХ: ВИД СОДЕРЖАНИЯ
Код вида содержания (ISBD) i3
Код характеристики содержания (ISBD) axxe
182 #0 - ПОЛЕ КОДИРОВАННЫХ ДАННЫХ: ТИП СРЕДСТВА
Код типа средства (ISBD) n - непосредственное
200 1# - ЗАГЛАВИЕ И СВЕДЕНИЯ ОБ ОТВЕТСТВЕННОСТИ
Основное заглавие Тактика врача-оториноларинголога
Сведения, относящиеся к заглавию практическое руководство
Первые сведения об ответственности [авторский коллектив: Карпищенко С. А. - доктор медицинских наук, профессор, действительный член РАЕН, Международной академии оториноларингологии - хирургии головы и шеи, Немецкого научного общества оториноларингологов, член-корреспондент Бельгийского королевского ЛОР-общества, Рябова М. А. - доктор медицинских наук, профессор, действительный член Международной академии оториноларингологии - хирургии головы и шеи, Зубарева А. А. - доктор медицинских наук, профессор и др.]
Последующие сведения об ответственности под редакцией профессора С. А. Карпищенко
-- ФГБОУ ВО "Первый Санкт-Петербургский государственный медицинский университет имени академика И. П. Павлова" Минздрава России
203 ## - ВИД СОДЕРЖАНИЯ И ТИП СРЕДСТВА
Вид содержания Текст
Дополнительные сведения об издании визуальный
Тип средства непосредственный
210 ## - ПУБЛИКАЦИЯ, РАСПРОСТРАНЕНИЕ И ДР.
Место издания, распространения и т.д. Москва
Имя издателя, распространителя и т. д. ГЭОТАР-Медиа
Дата издания, распространения и т.д. 2025
215 ## - ФИЗИЧЕСКАЯ ХАРАКТЕРИСТИКА
Специфическое обозначение материала и объем 157 с.
Другие сведения о физической характеристике ил., цв. ил.
Размеры 24
225 1# - СЕРИЯ
Основное заглавие серии ФГБОУ ВО "Первый Санкт-Петербургский государственный медицинский университет имени академика И. П. Павлова" Минздрава России рекомендует
225 1# - СЕРИЯ
Основное заглавие серии Серия "Тактика врача"
300 ## - ОБЩИЕ ПРИМЕЧАНИЯ
Текст примечания Авт. указаны на с. 4-6
300 ## - ОБЩИЕ ПРИМЕЧАНИЯ
Текст примечания Доп. информ. в ссылках QR-кодов
606 1# - НАИМЕНОВАНИЕ ТЕМЫ КАК ПРЕДМЕТ
Наименование темы Оториноларингология
Формальный подзаголовок Практические пособия
Системный номер авторитетной/нормативной записи 942096
Идентификатор авторитетной/нормативной записи RU\NLR\AUTH\6630093
686 1# - ИНДЕКСЫ ДРУГИХ КЛАССИФИКАЦИЙ
Индекс Р68я77
701 #1 - ИМЯ ЛИЦА - АЛЬТЕРНАТИВНАЯ ОТВЕТСТВЕННОСТЬ
Начальный элемент ввода Карпищенко
Часть имени, кроме начального элемента ввода С. А.
Расширение инициалов личного имени Сергей Анатольевич
701 #1 - ИМЯ ЛИЦА - АЛЬТЕРНАТИВНАЯ ОТВЕТСТВЕННОСТЬ
Начальный элемент ввода Рябова
Часть имени, кроме начального элемента ввода М. А.
Расширение инициалов личного имени Марина Андреевна
701 #1 - ИМЯ ЛИЦА - АЛЬТЕРНАТИВНАЯ ОТВЕТСТВЕННОСТЬ
Начальный элемент ввода Зубарева
Часть имени, кроме начального элемента ввода А. А.
Расширение инициалов личного имени Анна Анатольевна
942 ## - ДОПОЛНИТЕЛЬНЫЕ ЭЛЕМЕНТЫ ЗАПИСИ (АБИС)
Тип экземпляра АБИС Книга
980 ## - КОЛЛЕКЦИЯ
Название коллекции Национальная библиография

Нет доступных экземпляров.